| 000 | 00952nam a2200301 i 4500 | ||
|---|---|---|---|
| 003 | EG-GICUC | ||
| 005 | 20260427105202.0 | ||
| 008 | 260427s1954 fr ||||f |||| 00| 0 fre d | ||
| 040 |
_aEG-GiCUC _bfre _cEG-GiCUC _dEG-GiCUC _eRda |
||
| 041 | 0 | _afre | |
| 082 | 0 | 4 |
_221 _a343 _bBE . R |
| 092 | 0 | 4 | _221 |
| 099 | _aLaw1 10 343 BE . R 1953 1011612 V2, C1 | ||
| 100 | 1 |
_aBesson, Antonin _eAuteur |
|
| 245 | 1 | 0 |
_aRépertoire de droit criminel et de procédure pénale / _cAntonin Besson. |
| 264 |
_aParis, _bDalloz, _c1954. |
||
| 300 |
_a1044 pages ; _c 24 cm. |
||
| 336 |
_2rda contenu _a texte |
||
| 337 |
_2rda medias _aOrdinateur |
||
| 338 |
_2 transporteur rda _a Ressource en ligne |
||
| 490 | _aDalloz. Encyclopédie juridique | ||
| 504 | _aIncludes bibliographies. | ||
| 546 | _aTexte en français | ||
| 650 | 1 | 4 | _aDroit pénal |
| 856 | 4 | 0 | _uhttps://fll.law.cu.edu.eg/fulltext/bks/B10-11612.pdf |
| 905 | _a30 | ||
| 942 |
_2ddc _cBK _e21 _n0 |
||
| 999 |
_c73623 _d73623 |
||